000 00495cam a2200205ua 4500
001 2675
005 20260515113540.0
008 110909n ii |||gr||||Z||||||asm
040 _cMAIN
082 _a891.4512
100 _aBaruah, Chandakanta,
_eAuthor.
245 1 1 _aRamani Sakti
_cby Chandakanta Baruah
250 _a1st.
260 _aSibsagarh:
_b[s.n],950.
300 _a140p:2cm.
653 _aAssamese drama
653 _aassamese literature
653 _aRamani Sakti
942 _cBK
999 _c2524
_d2524